| 000 | 01170nam0a2200289 4500 | ||
|---|---|---|---|
| 001 | RU\NLR\bibl\517106 | ||
| 005 | 20250609144022.0 | ||
| 010 |
_a5-88149-162-9 _91000 |
||
| 021 |
_aRU _b2004-451и _927и |
||
| 035 | _a(NLR Aleph) 000509532 | ||
| 090 |
_a1224404 _c1224404 |
||
| 100 | _a20040505d2004 |||y0rusy50 ca | ||
| 101 | 0 | _arus | |
| 102 | _aRU | ||
| 105 | _aa ||||||||| | ||
| 200 | 1 |
_aВалерий Чкалов _e[Фотоальбом _fСост.: Ольга Валерьевна Чкалова, Игорь Валерьевич Чкалов] |
|
| 210 |
_aМ. _cНовости _d2004 |
||
| 215 |
_a206,[2] с. _cил. _d30 |
||
| 225 | 1 | _aИздательская программа Правительства Москвы | |
| 600 | 1 |
_aЧкалов _bВ.П. _f1904 - 1938 _gВалерий Павлович _jФотоальбомы _91486283 _3RU\NLR\auth\66636245 |
|
| 686 | _aО5д(2)8Чкалов.я61 | ||
| 702 | 1 |
_aЧкалова _bО. В. _gОльга Валерьевна _4220 |
|
| 801 | 0 |
_aRU _bNLR _c20040505 _gPSBO |
|
| 801 | 1 |
_aRU _bNLR _c20040505 |
|
| 942 | _cBOOK | ||
| 980 | _aNB | ||